Handbook of Maintenance Management and Engineering (Record no. 3560)

MARC details
005 - DATE AND TIME OF LATEST TRANSACTION
control field 20250610064741.0
020 ## - INTERNATIONAL STANDARD BOOK NUMBER
International Standard Book Number 978-1-4471-5762-5
082 ## - DEWEY DECIMAL CLASSIFICATION NUMBER
Classification number REF 658.202 HAN
245 ## - TITLE STATEMENT
Title Handbook of Maintenance Management and Engineering
260 ## - PUBLICATION, DISTRIBUTION, ETC.
Place of publication, distribution, etc. London,
Name of publisher, distributor, etc. Springer,
Date of publication, distribution, etc. 2009.
300 ## - PHYSICAL DESCRIPTION
Extent xxvii, 741p.: ill, figure, table,
Other physical details references & index,
Dimensions 24cm.
700 ## - ADDED ENTRY--PERSONAL NAME
Other authors/Editors BEN-DAYA, M . [et all....]
942 ## - ADDED ENTRY ELEMENTS (KOHA)
Source of classification or shelving scheme Dewey Decimal Classification
Koha item type Books
Holdings
Date last seen Total checkouts Full call number Barcode Cost, replacement price Price effective from Koha item type Lost status Source of classification or shelving scheme Damaged status Not for loan Withdrawn status Home library Current library Shelving location Date acquired Cost, normal purchase price
06/10/2025   REF 658.202 BEN 00000011778 999999.99 06/10/2025 Books   Dewey Decimal Classification       College of Business Education Main Library College of Business Education Main Library Reference Collection 06/19/2017 652175.00